| 000 | 00905nam a2200277 a 4500 | ||
|---|---|---|---|
| 001 | 000047966 | ||
| 003 | DO-SdBNP | ||
| 005 | 20250527113226.0 | ||
| 007 | ta | ||
| 008 | 181005s2016 dr a r 000 0 spa d | ||
| 020 | _a978684198245 | ||
| 040 |
_aDO-SdBNP _bspa _cBNPHU |
||
| 082 | 4 |
_a658 _bD663e _222 |
|
| 100 | 1 |
_aD'oleo Puig, Jonathan _975490 _d1985- |
|
| 245 | 1 | 0 |
_aEmprende dinámica : _bconceptos, teoría y práctica / _cJonathan D'oleo Puig. |
| 260 |
_aSanto Domingo : _bD'oleo analytica, _c2016. |
||
| 300 |
_a210 p. : _bil. ; _c22 cm. |
||
| 500 | _aIncluye datos del autor en la solapa de la cubierta | ||
| 504 | _aBibliografía : p. 209-210 | ||
| 590 | _aInventariado, 2019/BT | ||
| 600 | 1 | 4 |
_a D'Oleo Puig, Jonathan _d1985- _982724 |
| 650 | 0 |
_aAdministración industrial _95872 |
|
| 650 | 4 |
_aEconomía gerencial _98305 |
|
| 910 | _aValidado. Control de calidad MFF | ||
| 942 |
_2ddc _cLBS1 |
||
| 999 |
_c47454 _d47454 |
||